000 00617nam a2200205Ia 4500
001 1704
003 GE_BSU
008 181216s||||||||xx |||||||||||||| ||und||
040 _cGE_BSU
080 _a821.111(73)
100 _aლონდონი, ჯეკ
245 _aდიდი სახლის პატარა დიასახლისი
260 _aთბილისი
260 _bმერანი
260 _c1974
300 _a362 გვ. 20 სმ.
541 _h8 ლ.
653 _aდიდი სახლის პატარა დიასახლისი
942 _cBK
999 _c35815
_d35815